Statistiken für Berühmte Deutsche Kirchen

Klicken Sie hier um das Quiz zu spielen!

Allgemein

  • Dieses Quiz wurde 215 mal gespielt
  • Das Durchschnittsergebnis liegt bei 10 aus 20

Antwortstatistiken

Antwort% Korrekt
Köln
100%
München
90%
Dresden
85%
Berlin
82%
Ulm
72%
Hamburg
68%
Frankfurt am Main
59%
Aachen
55%
Speyer
53%
Freiburg
52%
Limburg
52%
Mainz
40%
Bremen
38%
Trier
38%
Münster
34%
Leipzig
28%
Magdeburg
28%
Paderborn
27%
Passau
23%
Wittenberg
23%

Verteilung der Resultate

Perzentil nach korrekt beantworteten Fragen

Anzahl Personen mit jedem Resultat

Ihre Resultats-Entwicklung

Sie haben dieses Quiz noch nicht gespielt